MARC

LEADER 00000nam0a2200000 4500
001 272733
005 20231101234549.0
020 |a RU  |b 87-67135 
035 |a (RuTPU)RU\TPU\book\295942 
090 |a 272733 
100 |a 20141021d1987 k y0rusy5003 ca 
101 0 |a rus 
102 |a UA 
105 |a y z 000zy 
200 1 |a Реальный социализм: становление нового типа цивилизации  |f В. С. Пазенок [и др.]  |g Высшая партийная школа при ЦК КПСС (ВПШ) 
210 |a Киев  |c Политиздат Украины  |d 1987 
215 |a 238 с. 
606 1 |a Социализм  |x Философия  |2 stltpush  |3 (RuTPU)RU\TPU\subj\55619  |9 73627 
610 1 |a цивилизации 
610 0 |a реальный социализм 
610 0 |a становление 
610 0 |a социальная философия 
610 0 |a методология 
686 |a Ю621.17  |2 rubbk 
701 1 |a Пазенок  |b В. С. 
701 1 |a Бутенко  |b А. П. 
701 1 |a Гошовский  |b Н. Н. 
701 1 |a Егоров  |b В. С. 
712 0 2 |a Высшая партийная школа при ЦК КПСС (ВПШ)  |c (Москва)  |c (1939-1991)  |2 stltpush  |3 (RuTPU)RU\TPU\col\16809 
801 0 |a RU  |b RuMRKP  |c 19950417  |g psbo 
801 1 |a RU  |b 63413507  |c 20141021 
801 2 |a RU  |b 63413507  |c 20161229  |g RCR 
942 |c BK